000 00917nam a22002537a 4500
001 12564
003 HDC
007 cr bn ---
008 210210 my |0 eneng
040 _aHDC
100 _aLopez M
_eauthor
_913239
245 0 _aHALAL SLAUGHTER AND ELECTRICAL STUNNING IN RABBITS:
_bEFFECT ON WELFARE AND MUSCLE CHARACTERISTICS /
_cby Lopez M., Carrilho M.C., Campo M.M., Lafuente R.
260 _a[no place] :
_b[publisher not identified],
_c[no year]
300 _a38 pages
336 _atext
_2rdacontent
337 _acomputer
_2rdamedia
338 _aonline resource
_2rdacarrier
650 _aHalal industry
_9144
650 _aHalal issues
_91644
856 _zRequest full-text at [email protected]
942 _2lcc
942 _cEBOOK
942 _kEBOK 001993
999 _c9887
_d9887